000
00212 a2200097 4500
001
51383
100
_a
E B I
245
_a
Britannica Book of the Year 1985
260
_a
Chicago
_b
E B I
_c
090
_c
32573
_d
32573
942
_a
NUST-CAE
_c
M
_c
25084
999
_c
286456
_d
286456